• 首页
  • 本馆介绍
  • 公告通知
  • 最新文献
  • 馆藏检索
  • 电子资源
  • 读者导购
  • 参考咨询
  • 我的图书馆
  • 登录
  • 详细信息显示
  • 放入我的书架
  • 预约/预借图书
  • 作者相关作品
  • 分类相关作品
  • 丛书相关作品
  • 出版社相关作品

书目信息

  • 表格格式
  • 工作单格式
  • 卡片格式
题名:
魔鬼博弈学
    
 
作者: 陈泊菡 著
分册:  
出版信息: 北京   中国法制出版社  2017
页数: 197页
开本: 24cm
丛书名:
单 册:
中图分类: O225-49
科图分类:
主题词: 博弈论--普及读物 , 心理学--通俗读物
电子资源:
ISBN: 978-7-5093-8026-0
000 00714nam0 2200229 450
001 53
005 20180519102424.05
010    @a978-7-5093-8026-0@dCNY29.80
100    @a20170328d2017 em y0chiy50 ea
101 0  @achi
102    @aCN@b110000
105    @ay z 000yy
200 1  @a魔鬼博弈学@9mo gui bo yi xue@f陈泊菡著
210    @a北京@c中国法制出版社@d2017
215    @a197页@d24cm
330    @a本书将晦涩难懂的博弈论概念分解为易懂的语言,并和心理学无缝衔接,进行了恰到好处的糅合,从而带领读者进入更深层次的思考。
606 0  @a博弈论@j普及读物
606 0  @a心理学@j通俗读物
690    @aO225-49@v5
701  0 @a陈泊菡@9chen bo han@4著
801  0 @aCN@b91MARC@c20170328
905    @aMuseLib@dO225-49@e193
    
    魔鬼博弈学/陈泊菡著.-北京:中国法制出版社,2017
    197页;24cm
    
    
    ISBN 978-7-5093-8026-0:CNY29.80
    本书将晦涩难懂的博弈论概念分解为易懂的语言,并和心理学无缝衔接,进行了恰到好处的糅合,从而带领读者进入更深层次的思考。
●
相关链接 在E读中查询图书 在五车中查询图书 在当当中查询图书 在豆瓣中查询图书


正题名:魔鬼博弈学     索取号:O225-49/193         预约/预借

序号 登录号 条形码 馆藏地/架位号 状态 备注
1 1100274   211002742   第二样本阅览室/ [索取号:O225-49/193] 在馆    
2 1100275   211002751   教育系资料室/ [索取号:O225-49/193] 在馆    
3 1100276   211002760   教育系资料室/ [索取号:O225-49/193] 在馆    
4 1100277   211002779   教育系资料室/ [索取号:O225-49/193] 在馆    
5 1100278   211002788   第三借阅区/ [索取号:O225-49/193] 在馆    
6 1100279   211002797   第三借阅区/ [索取号:O225-49/193] 在馆    
唐山师范学院图书馆 欢迎您!
大连网信软件有限公司© 版权所有